Statistics for GD Demons verified by the UK

Click here to take the quiz!

General Stats

  • This quiz has been taken 4 times
  • The average score is 2 of 13

Answer Stats

HintLevel% Correct
Hell-themed level by icedcaveSlaughterhouse
100%
An originally hacked megacollab hosted by AndromedaThe Ultimate Phase
50%
Tech-themed level by ExenAbyss of Darkness
25%
Hell-themed level by icedcave (part 2)SUPERHATEMEWORLD
25%
wtf is this level by nasgubbApollo 11
0%
Nine Circles level by EndLevelAquatic Auroras
0%
A unique take on a Circles level by PennutohBausha Vortex
0%
Megacollab hosted by BIANOXCYCLONE
0%
Level created, verified and published by SleyGDEcstasy
0%
basically CINNAMON TOAST CRUNCH by VARSEOPSM1
0%
Sequel to another level verified by the UK by nwolcPenultimate Phase
0%
Megacollab hosted by SinkThe Art of the Blade
0%
Um… name??? level by GhostVandalf & Renn241walter white
0%

Score Distribution

Percentile by Number Answered

Percent of People with Each Score

Your Score History

You have not taken this quiz